000 00434nam a2200133Ia 4500
008 220216s9999 xx 000 0 und d
100 _aRoychoudhury A
245 0 _aReinforcement of epoxidized natural rubber by carbon black: Effect of surface oxidation of carbon black particles
260 _bJournal of Applied Polymer Science
_c1993
300 _a181-186
650 _aEpoxidized natural rubber
700 _aDe P P
942 _cJS
999 _c66638
_d66638